000 00721nam a22002297a 4500
003 UA-OsUOA
001 108388
007 ta
008 20141020b un ||||| |||| 00| 0 ukr d
100 _aКоваленко В.В.
700 _aЗвєряков О.М.
090 _a330(477)
_bК56
942 _cSA
040 _aUA-OsUOA
_bukr
_cUA-OsUOA
_dUA-OsUOA
245 _aНауково-методичні підходи до формування системи антикризового управління фінансовою стійкістю банків
300 _aС.57-77
955 _a0
041 _aukr
080 _a330(477)
773 0 _w108385
650 7 _a330 Економіка взагалі
_2UDC
999 _c394442
_d394442